1960 1779 1054 1771 1637 1278 1965 1347 1011 1525 1063 1916 1959 1390 1063 1449 1663 1953 1659 1218 1435 1433 1206 1681 1097 1176 1993 1840 1103 1361 1273 1190 1037 1653 1867 1993 1368 1701 1206 1793 1587 1464 1061 1531 1534 1332 1701 1744 1667 1435 1267 1835 1854 1209 1917 1364 1971 1082 1132 1197 1505 1475 1053 1945 1614 1253 1808 1517 1623 1722 1729 1042 1914 1732 1739 1713 1459 1449 1406 1232 1774 1902 1574 1242 1145 1737 1049 1574 1905 1009 1235 1887 1910 1207 1730 1335 1926 1083 1655 BCNSPRNW ULIB Ver.6.0+V

เปลี่ยนเป็นภาษาไทย

Change to English
 แสดงรายละเอียดบรรณานุกรม
  กลับหน้าหลัก

Brief Record : Get Marc (ISO 2709) : E-mail record : QR code < ปิดหน้าต่าง
LEADER : 00000nam 2200000uu 4500
001    13399122393
003     ULIB
008    130315s2549||||th 000 0 tha d
020    97897448813547
090    นว^bท455ร
100 0  ทิพเกสร
245 00 รักเล่ห์เสน่ห์ลวง^cทิพเกสร
260    ^c2549
945    ^p280^l0^i020429
999    ^aเกษร โพธิ์สุวรรณ
รายการนี้ยังไม่มีแท็ก
คุณยังไม่ได้ล็อกอิน คุณสามารถมีกิจกรรมร่วมกับเว็บไซต์ได้ แต่ต้องล็อกอินก่อน ::
  ล็อกอิน

รายการสื่อสารสนเทศ

ลำดับที่ ประเภท เลขเรียก/บาร์โค้ด สถานที่ สถานะ
1. นวนิยาย
นวนิยาย
นว ท455ร  
  Barcode: 020429
ห้องสมุดวิทยาเขตสวรรค์ประชารักษ์
►นวนิยาย
บนชั้น
  ขอยืม

BibComment


ยังไม่เคยถูกคอมเมนท์

คอมเมนท์ทรัพยากรรายการนี้
  คอมเมนท์: รักเล่ห์เสน่ห์ลวง..


 Copyright 2026. Bcnsprnw @Library